000
00343nam a2200145Ia 4500
008
191206s9999 xx 000 0 und d
020
_a
60168609
090
_a
PS3552.A49C57
245
0
_a
Cloudsplitter: a novel
250
_a
1st ed.
260
_a
HarperFlamingo
260
_c
cc1998
300
_a
758 p. ; 25 cm.
999
_c
15692
_d
15692